Guess the Taylor Swift song with no hints #19 - Statistics

General Stats
  • This quiz has been taken 2,958 times
  • The average score is 186 of 272
Answer Stats
ANSWER % Correct
I
99%
a
98%
You
96%
you
96%
the
95%
we
91%
me
90%
And
88%
be
87%
to
87%
when
87%
do
86%
it
85%
it's
85%
my
83%
on
83%
your
83%
that
82%
who
81%
is
77%
like
77%
she
77%
was
77%
Was
77%
heard
76%
so
76%
don't
75%
have
73%
of
73%
were
73%
for
72%
what
72%
What
72%
know
70%
men
70%
said
69%
with
69%
With
69%
you're
69%
talk
68%
Now
67%
ever
66%
say
66%
Did
65%
get
63%
though
63%
want
63%
never
62%
think
62%
best
61%
But
61%
from
61%
mom
61%
friend
60%
friends
60%
way
60%
ways
60%
I'll
59%
this
59%
am
58%
how
58%
off
58%
looks
57%
it's
56%
called
55%
can't
54%
went
54%
had
53%
tell
53%
got
52%
just
52%
Just
52%
Or
52%
part
52%
didn't
51%
guess
51%
Guess
51%
thoughts
51%
home?
50%
I'd
50%
pretend
50%
has
49%
party
49%
even
48%
long
48%
new
48%
Red
48%
more
47%
been
46%
chest
46%
everybody
46%
lost
46%
back
45%
gave
45%
old
45%
rock
45%
better
44%
hair
44%
mega
44%
miss
44%
started
44%
you'd
44%
cost
43%
important
43%
less
43%
lives
43%
Sea
43%
yacht
43%
acid
42%
cannot
42%
change
42%
crowd
42%
myself
42%
grew
41%
icons
41%
price
41%
Remind
41%
anxious
40%
only
40%
outside
40%
pay
40%
trying
40%
left
37%
into
34%
dignity
32%
maybe
30%
mystery
30%
till
30%
weekends
30%
chasing
29%
faded
29%
turn
29%
ended
27%
Truth
26%
platonic
25%
shrouded
23%
dinners
22%
Shared
22%
No matching quizzes found
Score Distribution
Percent of People with Each Score
Percentile by Number Answered
Your Score History
You have not taken this quiz